| 000 | 00960nam a2200205 a 4500 | ||
|---|---|---|---|
| 001 | 000030952 | ||
| 005 | 20240502120009.0 | ||
| 008 | 110608t1956 dr ac 001 0 spa d | ||
| 040 |
_aDO-SdBNP _bspa _cBNPHU |
||
| 082 |
_a324.97293053 _bR327h |
||
| 245 | 0 | 3 |
_aLa reelección del honorable presidente Trujillo / _cJunta Provincial Pro-Reelección Presidente Trujillo. |
| 260 |
_aSantiago, República Dominicana : _bImp. de l. H. Cruz, _c1956. |
||
| 300 |
_a219 p. : _bil., retrs. ; _c25 cm. |
||
| 505 | 0 | _aIncluye la relación de los nombres de los habitantes de la provincia de Santiago que apoyan la reelección de Trujillo comp Presidente de la República en el cuatrienio 1938-1942. | |
| 650 | 0 |
_aCampañas políticas _93368 |
|
| 650 | 4 |
_aPresidentes _zRepública Dominicana _xElección _y1938 _956270 |
|
| 651 | 4 |
_aRepública Dominicana _xPolítica Y Gobierno _yERA DE TRUJILLO, 1930-1961 _91374 |
|
| 910 | _aValidado. Control de calidad EMS. | ||
| 049 | _aBNPD | ||
| 999 |
_c30444 _d30444 |
||